ՀՀ Գիտությունների ազգային ակադեմիայի հիմնարար գիտական գրադարան  =   Fundamental Scientific Library of NAS RA

Сталин : (Record no. 540732)

MARC details
000 -LEADER
fixed length control field 01032nam a2200241 a 4500
001 - CONTROL NUMBER
control field 1427325
003 - CONTROL NUMBER IDENTIFIER
control field AM-YEHGA
005 - DATE AND TIME OF LATEST TRANSACTION
control field 20260326122812.0
008 - FIXED-LENGTH DATA ELEMENTS--GENERAL INFORMATION
fixed length control field 181130s1944 gs |||||r|||||000|1|rus|d
040 ## - CATALOGING SOURCE
Original cataloging agency AM-YEHGA
041 1# - LANGUAGE CODE
Language code of text/sound track or separate title rus
Language code of original geo
100 1# - MAIN ENTRY--PERSONAL NAME
Personal name Леонидзе, Георгий Николаевич,
Dates associated with a name 1899-1966
245 10 - TITLE STATEMENT
Title Сталин :
Remainder of title Детство и отрочество : Эпопея : [В стихах] /
Statement of responsibility, etc. Георгий Леонидзе ; Пер. с груз. Гергия Цагарели.
260 ## - PUBLICATION, DISTRIBUTION, ETC.
Place of publication, distribution, etc. Тбилиси :
Name of publisher, distributor, etc. Заря Востока,
Date of publication, distribution, etc. 1944.
300 ## - PHYSICAL DESCRIPTION
Extent книга ;
Dimensions 21 см.
505 10 - FORMATTED CONTENTS NOTE
Miscellaneous information Кн. 1 (1944,144 с.)
546 ## - LANGUAGE NOTE
Language note Парал. тит. л. на груз. яз.
600 14 - SUBJECT ADDED ENTRY--PERSONAL NAME
Personal name Сталин, Иосиф Виссарионович,
Dates associated with a name 1879-1953
650 14 - SUBJECT ADDED ENTRY--TOPICAL TERM
Topical term or geographic name entry element Художественная литература
Geographic subdivision Грузия
650 14 - SUBJECT ADDED ENTRY--TOPICAL TERM
Topical term or geographic name entry element Грузинская литература
General subdivision Поэзия
700 1# - ADDED ENTRY--PERSONAL NAME
Personal name Цагарели, Георгий
Relator term пер.
Relationship trl
942 ## - ADDED ENTRY ELEMENTS (KOHA)
Source of classification or shelving scheme Universal Decimal Classification
Koha item type Գրքեր / Books
Holdings
Withdrawn status Lost status Damaged status Not for loan Collection Home library Current library Date acquired Total checkouts Full call number Barcode Date last seen Price effective from Koha item type Public note
        Kusikian Individual Collection Fundamental Scientific Library Fundamental Scientific Library 01/12/2025   Кус/5595 FL0699866 01/12/2025 01/12/2025 Գրքեր / Books ILL Non-Circ.


ՀՀ ԳԱԱ հիմնարար գիտական գրադարան
ՀՀ,Երևան 0019
Մարշալ Բաղրամյան 24/6
հեռախոս:(374-10) 52-47-50
Հետադարձ կապ

All site content, except where otherwise noted, is licensed under a
Creative Commons License